Top 10 NBA Players List (OFFICIAL) - Statistics

General Stats
  • This quiz has been taken 1,572 times
  • The average score is 8 of 10
Answer Stats
Nickname Rank Answer % Correct
Air #1 Michael Jordan
100%
Magic #4 Earvin Johnson
96%
Shaq #8 Shaquille O'Neal
92%
The Big O #7 Oscar Robertson
83%
The Big Fundamental #10 Tim Duncan
82%
The Stilt #3 Wilt Chamberlain
80%
The Dream #9 Hakeem Olajuwon
77%
Jabb #5 Kareem Abdul-Jabbar
76%
The Legend #6 Larry Bird
74%
Richy #2 Bill Russell
51%
No matching quizzes found
Score Distribution
Percent of People with Each Score
Percentile by Number Answered
Your Score History
You have not taken this quiz